LEADER 01202nam a2200241 4500 001 000000336295 003 CaOOAMICUS 005 20190930110813.0 008 190902s2019 it 100 u ita r 020 $a978-88-85805-15-6 040 $aSeMil$bita 245 10$aQuali segni e prodigi Dio ha compiuto per mezzo di loro :$batti del 5. Forum italiano dei cristiani LGBT, Albano Laziale, 5/7 ottobre 2018. 264 1$aMilano :$bGruppo Editoriale Viator,$c2019. 300 $a139 p. ;$c17 cm 650 4$aPersone LGBT - Atti di congressi.$0(OLS)http://semarc/subject/48720 650 4$aCristianesimo - Atti di congressi.$0(OLS)http://semarc/subject/40425 850 $aSeMil 852 $aSeMil$W1$xVenegono$y1$m2F I 493$j216451$B228093$CSeMilBibl$Z2$F228093 $81 961 $aFumagalli don Aristide - Omaggio 996 $6020$a978-88-85805-15-6$9(OLS)http://semarc/number/288598 996 $6245$aQuali segni e prodigi Dio ha compiuto per mezzo di loro :$batti del 5. Forum italiano dei cristiani LGBT, Albano Laziale, 5/7 ottobre 2018$9(OLS)http://semarc/title/425571 996 $6264$aMilano :$bGruppo Editoriale Viator$9(OLS)http://semarc/publisher/49938 LEADER 00989nam a2200253 i 4500 001 000000069418 003 CaOOAMICUS 005 20100826000000.0 008 100826s1981 it u000 u ita u 013 $a40590 040 $aSeMil$bita 100 1 $aMontinari, Mazzino,$d<1928-1986>.$0(OLS)http://semarc/name/1251 245 10$aSu Nietzsche /$cMazzino Montinari. 260 $aRoma :$bEditori Riuniti,$c1981. 300 $aXIV, 129 p. ;$c20 cm. 490 0 $aUniversale. Scienze sociali 490 0 $aUniversale ;$v39 600 14$aNietzsche, Friedrich <1844-1900>.$0(OLS)http://semarc/subject/638 830 0$aUniversale. Scienze sociali.$0(OLS)http://semarc/title/8677 830 0$aUniversale ;$v39.$0(OLS)http://semarc/title/7927 850 $aSeMil 852 $aSeMil$W1$xVenegono$y1$m2OA II 15$j211889$B35571$CSeMilBibl$Z2$F35574 $81 996 $6245$aSu Nietzsche$9(OLS)http://semarc/title/111127 996 $6260$aRoma :$bEditori Riuniti$9(OLS)http://semarc/publisher/30240